000 00515 a2200145 4500
999 _c5604
_d5604
020 _a9241544422
050 _aRA427.9A22ABB1992
100 _aAbbatt,F.R
_eauthor
245 _aTeaching for better learning : a guide for teachers of primary health care staff :
_ca guide for teachers of primary health care staff
264 _aGeneva :
_bWorld Health Organization,
_c1992
300 _a190p.:
500 _aincludes index
650 _aPrimary health care -- Study and teaching.
942 _2lcc
_cBK
_h427.9A22
_iABB
_kRA